U.S. State Mottos - Statistics

General Stats
  • This quiz has been taken 15 times
    9 since last reset
  • The average score is 21 of 54
Answer Stats
Motto English State % Correct
Live free or die - New Hampshire
100%
Montana semper liberi Mountaineers are always free West Virginia
100%
North to the Future - Alaska
89%
Ua mau ke ea o ka 'aina I ka pono The life of the land is perpetuated in righteousness Hawai'i
89%
Excelsior Ever upward New York
89%
Crossroads of America - Indiana
78%
Si quaeris peninsulam amoenam circumspice If you seek a pleasant peninsula, look about you Michigan
78%
L-Étoile du Nord The star of the North Minnesota
78%
Samoa, Muamua Le Atua Samoa, let Atua be first American Samoa
67%
Eureka I have found it California
67%
Sic semper tyrannis Thus always to tyrants Virginia
67%
Dirigo I lead Maine
56%
Friendship - Texas
56%
Industry - Utah
56%
Equal rights - Wyoming
56%
Esto perpetua Let it be perpetual Idaho
44%
Our liberties we prize and our rights we will maintain - Iowa
44%
Oro y plata Gold and silver Montana
44%
Esse quam videri To be, rather than to seem North Carolina
44%
With God, all things are possible - Ohio
44%
Ditat Deus God enriches Arizona
33%
Nil sine numine Nothing without providence Colorado
33%
Ad astra per aspera To the stars through difficulties Kansas
33%
Ense petit placidam sub liberate quietem By the sword we seek peace, but peace only under liberty Massachusetts
33%
Virtue et armis By valor and arms Mississippi
33%
Labor omnia vincit Labor conquers all things Oklahoma
33%
Alis volat propriis She flies with her own wings Oregon
33%
Joannes Est Nomen Ejus John is his name Puerto Rico
33%
Dum spiro spero While I breathe, I hope South Carolina
33%
Agriculture and commerce - Tennessee
33%
Stella quarta decima fulgeat May the fourteenth star shine bright Vermont
33%
Audemus jura nostra defendere We dare defend our rights Alabama
22%
Regnat populus The people rule Arkansas
22%
Qui transtulit sustinet He who transplanted still sustains Connecticut
22%
In God We Trust - Florida
22%
Wisdom, Justice, Moderation - Georgia
22%
Fatti maschi, parole femine Strong deeds, gentle words Maryland
22%
Salus populi suprema lex esto Let the welfare of the people be the supreme law Missouri
22%
Equality before the law - Nebraska
22%
Liberty and prosperity - New Jersey
22%
Virtue, liberty, and independence - Pennsylvania
22%
Hope - Rhode Island
22%
Al-ki By and by Washington
22%
Forward - Wisconsin
22%
Liberty and Independence - Delaware
11%
Justitia Omnibus Justice for all District of Columbia
11%
State sovereignty, national union - Illinois
11%
Deo gratiam habeamus Let us be grateful to God Kentucky
11%
Union, justice, confidence - Louisiana
11%
All For Our Country - Nevada
11%
Crescit eundo It grows as it goes New Mexico
11%
Serit ut alteri saeclo prosit One shows for the benefit of another age North Dakota
11%
Under God the people rule - South Dakota
0%
United in pride and hope - U.S. Virgin Islands
0%
No matching quizzes found
Score Distribution
Percent of People with Each Score
Percentile by Number Answered
Your Score History
You have not taken this quiz since the last reset